000 00383 a2200145 4500
001 174101
020 _a
040 _cMagnum
100 _aLovell, Kurt
240 1 0 _aO desenvolvimento dos conceitos matematicos e cientificos na crianca
_lpor
245 1 0 _aO desenvolvimento dos conceitos matematicos e cientificos na crianca
362 0 _a1899
697 _aGERAL
942 _cBK
999 _c174101
_d174101